| 000 | 00497nam a2200157Ia 4500 | ||
|---|---|---|---|
| 003 | GCL | ||
| 008 | 140319s9999 xx 000 0 ara d | ||
| 040 |
_aGCL / _cGCL |
||
| 082 | 0 | 4 |
_a842 _bم م |
| 100 | 1 | _aالمؤسسة المصرية للتاليف و النشر | |
| 245 | 1 | 0 |
_aتاج على ميته / _cالمؤسسة المصرية للتاليف و النشر |
| 490 |
_aمسرحيات عالمية _v0 |
||
| 650 | 0 | 4 | _aالمسرحيات |
| 650 | 0 | 4 | _aالمجموعات |
| 942 |
_2ddc _cBK |
||
| 999 |
_c49418 _d49418 |
||